[Event "AUTO-ADV-3053"]
[Site "http://www.queenalice.com/game.php?id=1248218"]
[Date "2014.1.15"]
[Round "1"]
[White "axelsun"]
[Black "Spessatto"]
[Result "0-1"]
[WhiteElo "1968"]
[BlackElo "1905"]

1. e4 e5 2. Nf3 Nc6 3. Bc4 Bc5 4. c3 h6 5. d4 exd4 6. cxd4 Bb4+ 7. Bd2 Bxd2+ 8.
Nbxd2 Nf6 9. O-O O-O 10. e5 Nh7 11. Ne4 d6 12. Qc2 Bg4 13. Bb5 Bxf3 14. Bxc6
Bxe4 15. Bxe4 Ng5 16. Bd3 dxe5 17. dxe5 g6 18. h4 Ne6 19. g3 h5 20. Rad1 Nd4 21.
Qc4 Nf3+ 22. Kg2 Nxe5 23. Qe4 Qf6 24. Bc2 c6 25. b3 Rfe8 26. Qb4 Qf3+ 27. Kg1
Rab8 28. Be4 Qg4 29. Rd4 Qc8 30. Qd2 Qc7 31. Qh6 Rbd8 32. Rfd1 Ng4 33. Qg5 Qb6
34. Bxg6 Rxd4 35. Bxh5+ Kf8 36. Rxd4 Qxd4 37. Bxg4 Re1+ 38. Kg2 Qd5+ 39. Qxd5
cxd5 40. f4 Ra1 41. h5 Rxa2+ 42. Kh3 Rb2 43. Bd1 d4 44. g4 d3 45. h6 d2 46. g5
Rb1 47. h7 Kg7 0-1

[Event "AUTO-ADV-3053"]
[Site "http://www.queenalice.com/game.php?id=1248227"]
[Date "2014.1.15"]
[Round "1"]
[White "RogerioJJ"]
[Black "axelsun"]
[Result "0-1"]
[WhiteElo "1811"]
[BlackElo "2005"]

1. e4 e5 2. Nf3 Nc6 3. c3 Nf6 4. d4 exd4 5. e5 Ng4 6. cxd4 d6 7. h3 Nh6 8. Bxh6
gxh6 9. Bb5 Bd7 10. O-O Rg8 11. Kh1 Nxe5 12. Bxd7+ Nxd7 13. Re1+ Be7 14. Nc3 c6
15. d5 Qb6 16. dxc6 bxc6 17. Qxd6 Qd8 18. Rxe7+ Qxe7 0-1

[Event "AUTO-ADV-3053"]
[Site "http://www.queenalice.com/game.php?id=1248228"]
[Date "2014.1.15"]
[Round "1"]
[White "axelsun"]
[Black "RogerioJJ"]
[Result "1-0"]
[WhiteElo "2013"]
[BlackElo "1803"]

1. e4 c5 2. Nf3 d6 3. d4 cxd4 4. Nxd4 Nf6 5. Nc3 a6 6. Bd3 Nc6 7. Nb3 e6 8. O-O
Be7 9. Be3 b5 10. f4 Qc7 11. Qe1 Ng4 12. h3 Nxe3 13. Qxe3 d5 14. exd5 Na5 15.
Kh1 Nxb3 16. cxb3 b4 17. Ne4 exd5 18. Ng5 h6 19. Rac1 1-0

[Event "AUTO-ADV-3096"]
[Site "http://www.queenalice.com/game.php?id=1263212"]
[Date "2014.3.8"]
[Round "1"]
[White "ggg09"]
[Black "axelsun"]
[Result "1-0"]
[WhiteElo "1860"]
[BlackElo "2021"]

1. e4 e5 2. Nf3 Nc6 3. Bc4 Bc5 4. c3 Nf6 5. b4 Bb6 6. d3 d5 7. Bb3 dxe4 8. Ng5
O-O 9. dxe4 Qxd1+ 10. Bxd1 h6 11. Nf3 Nxe4 12. O-O Re8 13. Bc2 Nf6 14. Re1 Ng4
15. Be3 Nxe3 16. fxe3 Bg4 17. Nbd2 Rad8 18. h3 Bh5 19. Be4 a6 20. Bxc6 bxc6 21.
Nc4 f6 22. Nh4 Bf7 23. Nxb6 cxb6 24. a3 Rd3 25. Rac1 Red8 26. a4 Bb3 27. a5 bxa5
28. bxa5 R8d5 29. Nf5 Rxa5 30. Ne7+ Kf7 31. Nxc6 Rc5 32. Nb4 Rd6 33. Re2 a5 34.
Nc2 Rxc3 35. e4 1-0

[Event "AUTO-ADV-3096"]
[Site "http://www.queenalice.com/game.php?id=1263213"]
[Date "2014.3.8"]
[Round "1"]
[White "axelsun"]
[Black "ggg09"]
[Result "0-1"]
[WhiteElo "1999"]
[BlackElo "1882"]

1. e4 e6 2. d4 d5 3. Nc3 Bb4 4. e5 c5 5. dxc5 Bxc3+ 6. bxc3 Qa5 7. Qd4 Nc6 8.
Qe3 Nge7 9. Bd3 O-O 10. Bd2 Qc7 11. Nf3 Ng6 12. Bxg6 fxg6 13. O-O Bd7 14. Ng5
Qxe5 15. Qh3 h6 16. Rae1 Qf5 17. Qxf5 gxf5 18. Nxe6 Bxe6 19. Rxe6 Rfe8 20. Rfe1
Kf7 21. Rxe8 Rxe8 22. Rb1 Re2 23. Rxb7+ Kf6 24. Kf1 Rxd2 25. Rc7 Ne5 26. Rxa7
Rxc2 27. a4 Rxc3 28. a5 Rxc5 29. a6 Ra5 30. Ke2 Nc6 31. Ra8 Nb4 32. a7 Kg6 33.
Rb8 Ra2+ 34. Kf3 Ra3+ 0-1

[Event "AUTO-ADV-3096"]
[Site "http://www.queenalice.com/game.php?id=1263226"]
[Date "2014.3.8"]
[Round "1"]
[White "axelsun"]
[Black "Eggchaser"]
[Result "1-0"]
[WhiteElo "1949"]
[BlackElo "1892"]

1. e4 e5 2. Nf3 Nf6 3. Nc3 Nc6 4. d4 exd4 5. Nxd4 Bb4 6. Nxc6 bxc6 7. Bd3 d5 8.
O-O O-O 9. e5 Bxc3 10. exf6 Bxf6 11. Qh5 g6 12. Qf3 Be6 13. c3 Bg7 14. Qg3 Qd6
15. Bf4 Qe7 16. Bxc7 Rac8 17. Bd6 1-0

[Event "AUTO-ADV-3096"]
[Site "http://www.queenalice.com/game.php?id=1263227"]
[Date "2014.3.8"]
[Round "1"]
[White "Eggchaser"]
[Black "axelsun"]
[Result "0-1"]
[WhiteElo "1844"]
[BlackElo "1990"]

1. d4 d5 2. c4 e6 3. Nc3 c6 4. e4 Bb4 5. e5 dxc4 6. Bxc4 b5 7. Be2 Bb7 8. Nf3
Nd7 9. O-O Qc7 10. Bd2 a6 11. Nxb5 cxb5 12. Bxb4 Ne7 13. Bxe7 Kxe7 14. Qd2 Nb6
15. Qb4+ Kd7 16. b3 Nd5 17. Qd2 h6 18. Rac1 Qb6 19. Rc5 g5 20. h3 Rhd8 21. Rfc1
Rac8 22. g3 Ke7 23. Rxc8 Rxc8 24. Rxc8 Bxc8 25. Bd3 f5 26. g4 Nf4 27. Kh2 fxg4
28. hxg4 Bb7 29. Kg3 Bxf3 30. Kxf3 Qxd4 0-1

[Event "AUTO-ADV-3096"]
[Site "http://www.queenalice.com/game.php?id=1263228"]
[Date "2014.3.8"]
[Round "1"]
[White "axelsun"]
[Black "thw"]
[Result "1-0"]
[WhiteElo "1980"]
[BlackElo "1826"]

1. Nf3 Nf6 2. c4 c5 3. g3 g6 4. Nc3 Bg7 5. Bg2 O-O 6. e3 Nc6 7. O-O Rb8 8. a3 b6
9. b4 cxb4 10. axb4 Qc7 11. Ba3 d6 12. d4 Bg4 13. Qc2 e6 14. Rac1 Rbc8 15. h3
Bf5 16. e4 1-0

[Event "AUTO-ADV-3096"]
[Site "http://www.queenalice.com/game.php?id=1263229"]
[Date "2014.3.8"]
[Round "1"]
[White "thw"]
[Black "axelsun"]
[Result "0-1"]
[WhiteElo "1801"]
[BlackElo "2000"]

1. e4 e5 2. Nf3 Nc6 3. Bb5 Nf6 4. Nc3 Bc5 5. O-O d6 6. d3 h6 7. h3 Bd7 8. Qe2
O-O 9. Be3 Bb4 10. Bd2 a6 11. Bxc6 Bxc6 12. a3 Ba5 13. Rad1 Re8 14. b4 Bb6 15.
Nh2 Bd7 16. Kh1 c6 17. f4 exf4 18. Rxf4 d5 19. Rdf1 Bd4 20. Qf3 Be5 0-1

[Event "AUTO-ADV-3120"]
[Site "http://www.queenalice.com/game.php?id=1271281"]
[Date "2014.4.8"]
[Round "1"]
[White "whitecoat"]
[Black "axelsun"]
[Result "1-0"]
[WhiteElo "1714"]
[BlackElo "1950"]

1. e4 e5 2. Nf3 Nc6 3. Bc4 Bc5 4. c3 Nf6 5. b4 Bb6 6. a4 a6 7. b5 Na5 8. Ba2 d6
9. d3 h6 10. h3 c6 11. c4 O-O 12. O-O Re8 13. Re1 1-0

[Event "AUTO-ADV-3120"]
[Site "http://www.queenalice.com/game.php?id=1271282"]
[Date "2014.4.8"]
[Round "1"]
[White "axelsun"]
[Black "whitecoat"]
[Result "0-1"]
[WhiteElo "1978"]
[BlackElo "1686"]

1. e4 e6 2. d4 d5 3. Nc3 Bb4 4. e5 c5 5. Bb5+ Nc6 6. Ne2 Bxc3+ 7. Nxc3 cxd4 8.
Qxd4 Bd7 9. Qg4 g6 10. Bxc6 bxc6 11. O-O Ne7 12. Bg5 O-O 13. Bf6 Re8 0-1

[Event "AUTO-ADV-3120"]
[Site "http://www.queenalice.com/game.php?id=1271295"]
[Date "2014.4.8"]
[Round "1"]
[White "alvm"]
[Black "axelsun"]
[Result "0-1"]
[WhiteElo "2065"]
[BlackElo "1886"]

1. d4 d5 2. c4 e6 3. Nc3 c6 4. Nf3 Nf6 5. Bg5 Nbd7 6. e3 Be7 7. Bd3 O-O 8. O-O
dxc4 9. Bxc4 b5 10. Bd3 Qc7 11. Rc1 a6 12. h3 Bb7 13. e4 e5 14. dxe5 Nxe5 15.
Be2 Rad8 16. Qc2 Rfe8 17. Kh1 Nxf3 18. Bxf3 b4 19. Bxf6 bxc3 20. Bxc3 c5 21. b3
Bg5 22. Rcd1 Qf4 23. Rxd8 Bxd8 24. Qb2 f6 25. Re1 Bxe4 26. Bxe4 Rxe4 27. Rd1 Bc7
28. g3 Qf3+ 29. Kh2 Bxg3+ 30. fxg3 Re2+ 0-1

[Event "AUTO-ADV-3120"]
[Site "http://www.queenalice.com/game.php?id=1271296"]
[Date "2014.4.8"]
[Round "1"]
[White "axelsun"]
[Black "alvm"]
[Result "0-1"]
[WhiteElo "1903"]
[BlackElo "1795"]

1. e4 c6 2. d4 d5 3. Nc3 dxe4 4. Nxe4 Nd7 5. Nf3 Ngf6 6. Bd3 Nxe4 7. Bxe4 Nf6 8.
Bd3 Bg4 9. c3 e6 10. Be2 Be7 11. O-O O-O 12. Re1 Bd6 13. Bg5 h6 14. Bxf6 Qxf6
15. Ne5 Bxe2 16. Qxe2 Rad8 17. Nc4 Bc7 18. Rad1 Qf4 19. Ne5 Bxe5 20. Qxe5 Qxe5
21. Rxe5 Rd5 22. f4 Rfd8 23. Rxd5 exd5 24. Kf2 Re8 25. Rd3 f6 26. a4 Re4 27. g3
Kf7 28. f5 b6 29. b4 Ke7 30. Re3 Rxe3 31. Kxe3 Kd6 32. g4 c5 33. b5 c4 34. Kf4
Ke7 35. h4 Kf7 36. Kf3 g6 37. Kf4 g5+ 38. Kg3 Ke7 39. Kf3 Kf7 40. Kg3 Ke7 0-1

[Event "AUTO-ADV-3120"]
[Site "http://www.queenalice.com/game.php?id=1271305"]
[Date "2014.4.8"]
[Round "1"]
[White "axelsun"]
[Black "Ninho"]
[Result "0-1"]
[WhiteElo "1890"]
[BlackElo "2021"]

1. e4 c5 2. Nf3 d6 3. d4 cxd4 4. Nxd4 e6 5. Nc3 a6 6. Bd3 Bd7 7. O-O Nc6 8. Nxc6
Bxc6 9. Be3 Nf6 10. h3 Be7 11. f4 O-O 12. Qe2 d5 13. Bd4 dxe4 14. Bxf6 exd3 15.
Qxd3 Bc5+ 16. Kh2 Qxf6 0-1

[Event "AUTO-ADV-3120"]
[Site "http://www.queenalice.com/game.php?id=1271306"]
[Date "2014.4.8"]
[Round "1"]
[White "Ninho"]
[Black "axelsun"]
[Result "1-0"]
[WhiteElo "2009"]
[BlackElo "1902"]

1. e4 e5 2. Nf3 Nc6 3. c3 d5 4. Qa4 Bd7 5. exd5 Nd4 6. Qd1 Nxf3+ 7. Qxf3 Nf6 8.
d3 Bg4 9. Qg3 Qxd5 10. Nd2 Bd6 11. Nc4 O-O 12. Bg5 e4 13. Nxd6 Qxg5 14. h3 Qh5
15. hxg4 Qxh1 16. Nf5 exd3 17. O-O-O Ne4 18. Qe5 1-0

[Event "Tromat"]
[Site "http://www.queenalice.com/game.php?id=1279502"]
[Date "2014.5.6"]
[Round "1"]
[White "axelsun"]
[Black "kokokinel"]
[Result "1-0"]
[WhiteElo "1863"]
[BlackElo "2032"]

1. e4 e5 2. Nf3 Nf6 3. d4 Nxe4 4. Qe2 d5 5. Nxe5 Be7 6. Nd2 Nxd2 7. Bxd2 O-O 8.
Qf3 c6 9. Bd3 Be6 10. O-O-O Nd7 11. Qh5 Nf6 12. Qf3 Qb6 13. Bg5 Qd8 14. h4 Ne4
15. Bxe4 Bxg5+ 16. hxg5 Qxg5+ 17. Kb1 h6 18. Rh5 dxe4 19. Rxg5 hxg5 20. Qh5 1-0

[Event "AUTO-ADV-3096"]
[Site "http://www.queenalice.com/game.php?id=1299464"]
[Date "2014.8.5"]
[Round "2"]
[White "AsterixTwin"]
[Black "axelsun"]
[Result "1-0"]
[WhiteElo "2258"]
[BlackElo "1907"]

1. e4 e5 2. Nf3 Nc6 3. Bb5 Nf6 4. d3 Bc5 5. Be3 Bb6 6. Bxb6 axb6 7. Bxc6 bxc6 8.
Nxe5 O-O 9. O-O Re8 10. Nf3 Ba6 11. Re1 c5 12. Nc3 c6 13. e5 Nd5 14. Ne4 f5 15.
Nd6 Re6 16. Qd2 c4 17. dxc4 Ne7 18. Rad1 Qf8 19. Ng5 1-0

[Event "AUTO-ADV-3096"]
[Site "http://www.queenalice.com/game.php?id=1299465"]
[Date "2014.8.5"]
[Round "2"]
[White "axelsun"]
[Black "AsterixTwin"]
[Result "0-1"]
[WhiteElo "1905"]
[BlackElo "2259"]

1. e4 c5 2. Nf3 d6 3. d4 cxd4 4. Nxd4 Nf6 5. Nc3 Nc6 6. Bb5 Bd7 7. O-O e6 8. Be3
Be7 9. Qe2 O-O 10. Rad1 a6 11. Nxc6 Bxc6 12. Bxc6 bxc6 13. e5 Nd5 14. exd6 Bxd6
15. Nxd5 cxd5 16. Bd4 Qc7 17. Qh5 e5 18. Bc3 d4 0-1

[Event "AUTO-ADV-3096"]
[Site "http://www.queenalice.com/game.php?id=1299466"]
[Date "2014.8.5"]
[Round "2"]
[White "solzhenitsyn"]
[Black "axelsun"]
[Result "1-0"]
[WhiteElo "2004"]
[BlackElo "1900"]

1. d4 d5 2. c4 e6 3. Nf3 c6 4. Bf4 Nf6 5. Nc3 Be7 6. cxd5 exd5 7. e3 O-O 8. Bd3
Nbd7 9. Qc2 Re8 10. Ng5 Nf8 11. O-O h6 12. Nf3 Bd6 13. Bxd6 Qxd6 14. Rfe1 Bg4
15. Nd2 Bh5 16. h3 Rad8 17. a4 Bg6 18. Bxg6 Nxg6 19. Nf3 Ne4 20. Nxe4 Rxe4 21.
a5 Rde8 22. Qb3 R4e7 23. Qa3 Qf6 24. Qc5 Nh4 25. Nxh4 Qxh4 26. b4 Re6 27. Qxa7
Rg6 28. Kh2 Qe7 29. a6 Qe4 30. f3 Qc2 31. Rg1 Rxe3 32. Qa8+ Kh7 33. axb7 Re2 34.
b8=Q Rgxg2+ 35. Rxg2 Rxg2+ 36. Kh1 Kg6 37. Qxc6+ Qxc6 38. Kxg2 Qc2+ 39. Kg3 1-0

[Event "AUTO-ADV-3096"]
[Site "http://www.queenalice.com/game.php?id=1299467"]
[Date "2014.8.5"]
[Round "2"]
[White "axelsun"]
[Black "solzhenitsyn"]
[Result "1-0"]
[WhiteElo "1883"]
[BlackElo "1917"]

1. e4 e5 2. Nf3 Nc6 3. Bb5 d6 4. O-O Bd7 5. c3 Nf6 6. Re1 Be7 7. d4 exd4 8. cxd4
a6 9. Ba4 O-O 10. Nc3 b5 11. Bc2 Re8 12. a3 Bg4 13. Qd3 Bxf3 14. gxf3 Bf8 15.
Bg5 Be7 16. Rad1 h6 17. Bh4 Na5 18. Bxf6 Bxf6 19. e5 dxe5 20. Qh7+ Kf8 21. dxe5
1-0

[Event "Tromat"]
[Site "http://www.queenalice.com/game.php?id=1303363"]
[Date "2014.8.22"]
[Round "2"]
[White "Fquita"]
[Black "axelsun"]
[Result "1-0"]
[WhiteElo "2500"]
[BlackElo "1909"]

1. e4 e5 2. Nf3 Nc6 3. Bb5 Nf6 4. d3 Bc5 5. c3 Ng4 6. O-O d6 7. d4 Bb6 8. d5 a6
9. Ba4 Bxf2+ 10. Rxf2 b5 11. Rf1 Ne7 12. Bb3 1-0